Whatever happened to the Egyptians ? : (Record no. 25480)
[ view plain ]
| 000 -LEADER | |
|---|---|
| fixed length control field | 01341cam a22003375a 4500 |
| 001 - CONTROL NUMBER | |
| control field | 12502922 |
| 005 - DATE AND TIME OF LATEST TRANSACTION | |
| control field | 20171012121830.0 |
| 008 - FIXED-LENGTH DATA ELEMENTS--GENERAL INFORMATION | |
| fixed length control field | 010801s2000 ua a b 000 0 eng |
| 020 ## - INTERNATIONAL STANDARD BOOK NUMBER | |
| International Standard Book Number | 9789774245596 |
| 040 ## - CATALOGING SOURCE | |
| Original cataloging agency | DLC |
| Transcribing agency | DLC |
| Modifying agency | DLC |
| -- | EG-ScBUE |
| Language of cataloging | eng |
| 041 1# - LANGUAGE CODE | |
| Language code of text/sound track or separate title | eng |
| Language code of original and/or intermediate translations of text | ara |
| 043 ## - GEOGRAPHIC AREA CODE | |
| Geographic area code | f-ua--- |
| 082 00 - DEWEY DECIMAL CLASSIFICATION NUMBER | |
| Classification number | 306.0962 |
| Edition number | 22 |
| Item number | AMI |
| 100 1# - MAIN ENTRY--PERSONAL NAME | |
| Personal name | Amin, Galal A., |
| Dates associated with a name | 1935- |
| 240 10 - UNIFORM TITLE | |
| Uniform title | <a href="ماذا حدث للمصريين ؟">ماذا حدث للمصريين ؟</a> |
| Language of a work | English |
| 245 10 - TITLE STATEMENT | |
| Title | Whatever happened to the Egyptians ? : |
| Remainder of title | changes in Egyptian society across half a century / |
| Statement of responsibility, etc | Galal Amin ; illustrations by Golo. |
| 260 ## - PUBLICATION, DISTRIBUTION, ETC. (IMPRINT) | |
| Place of publication, distribution, etc | Cairo ; |
| -- | New York : |
| Name of publisher, distributor, etc | American University in Cairo Press, |
| Date of publication, distribution, etc | c.2000. |
| 300 ## - PHYSICAL DESCRIPTION | |
| Extent | 177 p. : |
| Other physical details | ill. ; |
| Dimensions | 21 cm. |
| 504 ## - BIBLIOGRAPHY, ETC. NOTE | |
| Bibliography, etc | Bibliography : p. 175-177. |
| 546 ## - LANGUAGE NOTE | |
| Language note | Text in English ; translated from original Arabic. |
| 650 ## - SUBJECT ADDED ENTRY--TOPICAL TERM | |
| Source of heading or term | BUEsh |
| 651 #7 - SUBJECT ADDED ENTRY--GEOGRAPHIC NAME | |
| Geographic name | Egypt |
| General subdivision | Social conditions. |
| Source of heading or term | BUEsh |
| 9 (RLIN) | 21086 |
| 651 #7 - SUBJECT ADDED ENTRY--GEOGRAPHIC NAME | |
| Geographic name | Egypt |
| General subdivision | Social life and customs. |
| Source of heading or term | BUEsh |
| 9 (RLIN) | 33684 |
| 651 #7 - SUBJECT ADDED ENTRY--GEOGRAPHIC NAME | |
| Geographic name | Egypt |
| General subdivision | Economic conditions. |
| Source of heading or term | BUEsh |
| 9 (RLIN) | 27436 |
| 653 ## - INDEX TERM--UNCONTROLLED | |
| Resource For college | BAEPS, Political Science |
| Arrived date list | October2017 |
| 655 ## - INDEX TERM--GENRE/FORM | |
| Form subdivision | Reading book |
| -- | 34232 |
| 700 0# - ADDED ENTRY--PERSONAL NAME | |
| Personal name | Golo, |
| Relator term | illustrator. |
| 856 42 - ELECTRONIC LOCATION AND ACCESS | |
| Materials specified | Contributor biographical information |
| Uniform Resource Identifier | <a href="http://www.loc.gov/catdir/enhancements/fy1409/2001303803-b.html">http://www.loc.gov/catdir/enhancements/fy1409/2001303803-b.html</a> |
| 856 42 - ELECTRONIC LOCATION AND ACCESS | |
| Materials specified | Publisher description |
| Uniform Resource Identifier | <a href="http://www.loc.gov/catdir/enhancements/fy1409/2001303803-d.html">http://www.loc.gov/catdir/enhancements/fy1409/2001303803-d.html</a> |
| 942 ## - ADDED ENTRY ELEMENTS (KOHA) | |
| Source of classification or shelving scheme | Dewey Decimal Classification |
| Withdrawn status | Item status | Source of classification or shelving scheme | Damaged status | Not for loan | Vendor | Home library | Current library | Shelving location | Date acquired | Source of acquisition | Cost, normal purchase price | Total Checkouts | Total Renewals | Full call number | Barcode | Date last seen | Date last borrowed | Koha item type |
|---|---|---|---|---|---|---|---|---|---|---|---|---|---|---|---|---|---|---|
| Dewey Decimal Classification | Baccah | Central Library | Central Library | First floor | 12/10/2017 | Purchase | 100.00 | 3 | 18 | 306.0962 AMI | 000042126 | 15/07/2025 | 19/10/2021 | Book - Borrowing |